MARC

LEADER 00000nas a2200000 a 4500
001 ssj0005254
003 WaSeSS
005 20200512172242.0
006 m d
007 cr n
008 950123c19939999mdutr p s 0 a0eng c
010 |a sn 95007065  
022 |a 1080-6520  |l 1063-1801  |y 1063-1801 
035 |a (WaSeSS)ssj0005254 
037 |b Johns Hopkins University Press, PO Box 19966, Baltimore, MD 21211; Email: jlorder@jhunix.hcf.jhu.edu 
040 |a NSD  |b eng  |c NSD  |d OCL  |d NSD  |d GUA  |d IUL  |d WAU  |d OCL  |d IUL  |d OCL  |d GUA  |d OCLCQ  |d MUQ  |d OCL  |d OCLCQ  |d OCLCO  |d OCLCQ  |d OCLCF  |d VT2  |d EUW  |d OCLCQ  |d WaSeSS 
042 |a nsdp  |a pcc 
050 1 4 |a PN55 
082 1 0 |a 805  |2 12 
130 0 |a Configurations (Online) 
210 0 |a Configurations  |b (Online) 
222 0 |a Configurations  |b (Online) 
245 1 0 |a Configurations  |h [electronic resource]. 
260 |a Baltimore, Md. :  |b Johns Hopkins University Press,  |c ©1993- 
310 |a Three times a year 
362 0 |a 1.1 (winter 1993)- 
500 |a Title from title screen. 
506 |a License restrictions may limit access. 
538 |a Mode of access: World Wide Web. 
588 |a Latest issue consulted: 4.1 (winter 1996). 
650 0 |a Literature and science  |v Periodicals. 
650 0 |a Literature and technology  |v Periodicals. 
650 6 |a Littérature et sciences  |v Périodiques. 
650 6 |a Littérature et technologie  |v Périodiques. 
650 6 |a Littérature  |x Périodiques. 
650 6 |a Sciences  |v Périodiques. 
650 6 |a Technologie  |v Périodiques. 
650 7 |a Literature and science.  |2 fast  |0 (OCoLC)fst01000093 
650 7 |a Literature and technology.  |2 fast  |0 (OCoLC)fst01000104 
655 0 |a Electronic journals. 
710 2 |a Society for Literature and Science. 
776 1 |t Configurations  |x 1063-1801  |w (DLC) 93660655  |w (OCoLC)25911023 
850 |a GU 
856 4 0 |z Full text available from Research Library: 01/01/2002 to 1 year ago  |u https://search.proquest.com/publication/27471